Top 55 Most Liberal Countries - Statistics

General Stats
  • This quiz has been taken 58 times
    55 since last reset
  • The average score is 40 of 55
Answer Stats
Hint Answer % Correct
0.70 Italy
100%
0.75 United Kingdom
100%
0.75 United States
98%
0.84 Sweden
96%
0.74 Canada
94%
0.88 Denmark
94%
0.80 Finland
94%
0.80 France
94%
0.75 Spain
94%
0.81 Australia
92%
0.81 Belgium
92%
0.76 Iceland
92%
0.76 Netherlands
92%
0.81 New Zealand
92%
0.74 Portugal
92%
0.79 Germany
90%
0.73 Japan
90%
0.84 Norway
90%
0.62 Poland
90%
0.85 Estonia
88%
0.58 Greece
88%
0.83 Ireland
88%
0.77 Latvia
88%
0.78 Luxembourg
88%
0.62 Croatia
85%
0.62 Slovenia
85%
0.63 South Korea
85%
0.85 Switzerland
85%
0.76 Austria
83%
0.73 Lithuania
83%
0.58 Slovakia
83%
0.55 Argentina
81%
0.82 Czechia
81%
0.71 Brazil
79%
0.64 Malta
79%
0.79 Chile
75%
0.56 Colombia
73%
0.62 Israel
73%
0.65 South Africa
73%
0.70 Taiwan
73%
0.65 Cyprus
69%
0.81 Costa Rica
63%
0.58 Panama
63%
0.77 Uruguay
63%
0.68 Jamaica
56%
0.67 Barbados
40%
0.63 Trinidad and Tobago
38%
0.64 Suriname
33%
0.66 Seychelles
31%
0.65 Cape Verde
19%
0.52 Nepal
19%
0.57 Ghana
17%
0.56 Sao Tome and Principe
15%
0.69 Vanuatu
10%
0.55 East Timor
8%
No matching quizzes found
Score Distribution
Percent of People with Each Score
Percentile by Number Answered
Your Score History
You have not taken this quiz since the last reset